[Event "RSA-ch U14 Girls"]
[Site "Gauteng"]
[Date "2017.04.07"]
[Round "5"]
[White "Jonker, Keola"]
[Black "Gardiner, Noa Saxon"]
[Result "0-1"]
[WhiteElo "1002"]
[BlackElo "1279"]
[PlyCount "62"]
[EventDate "2017.04.05"]
[EventType "swiss"]
[EventRounds "11"]
[EventCountry "RSA"]
[SourceTitle "CBM 177 Extra"]
[Source "ChessBase"]
[SourceDate "2017.04.27"]
[SourceVersion "1"]
[SourceVersionDate "2017.04.27"]
[SourceQuality "1"]

1. f4 d5 2. Nf3 c5 3. b3 Nf6 4. e3 e6 5. Bb5+ Bd7 6. Bd3 Nc6 7. Bb2 Bd6 8. 0-0 0-0 9. Ne5 Re8 10. Ng4 Be7 11. f5 Nxg4 12. Qxg4 e5 13. Be2 Bf6 14. Nc3 Bc8 15. Rf3 d4 16. Ne4 Bh4 17. f6 Bxg4 18. Rff1 Bxe2 19. Rfc1 Bxf6 20. Nxc5 b6 21. Ne4 dxe3 22. dxe3 Bg5 23. Kh1 Bg4 24. Re1 Bf5 25. Nxg5 Qxg5 26. e4 Bg4 27. Rf1 Rad8 28. h3 Bh5 29. a4 Rd2 30. Rac1 Red8 31. Rfe1 Qxg2# 0-1

[Event "RSA-ch U12 Girls"]
[Site "Waterkloof"]
[Date "2015.04.08"]
[Round "7"]
[White "Naidoo, Priyasha"]
[Black "Jonker, Keola"]
[Result "0-1"]
[WhiteElo "1072"]
[BlackElo "1099"]
[PlyCount "66"]
[EventDate "2015.04.04"]
[EventType "swiss"]
[EventRounds "9"]
[EventCountry "RSA"]
[SourceTitle "CBM 166 Extra"]
[Source "ChessBase"]
[SourceDate "2015.06.18"]
[SourceVersion "1"]
[SourceVersionDate "2015.06.18"]
[SourceQuality "1"]

1. e4 c5 2. Nf3 Nc6 3. d4 cxd4 4. Nxd4 Nf6 5. Nc3 g6 6. Be3 Bg7 7. Bc4 0-0 8. f3 Rb8 9. Qd2 Re8 10. 0-0-0 d6 11. a3 Bd7 12. Ba2 a6 13. Rhe1 b5 14. Bb3 Rb7 15. Nd5 Qa8 16. Nc3 Reb8 17. Qd3 Ne5 18. Qd2 a5 19. Rf1 b4 20. axb4 axb4 21. Nb1 Rc8 22. Qe2 Ba4 23. Bxa4 Qxa4 24. Nb3 Qxb3 25. f4 Neg4 26. Bg1 Qa4 27. h3 Rbc7 28. Rd2 b3 29. c3 Qxe4 30. hxg4 Qxe2 31. Rxe2 Nxg4 32. Rfe1 e5 33. fxe5 Nxe5 0-1

[Event "RSA-ch U12 Girls"]
[Site "Waterkloof"]
[Date "2015.04.06"]
[Round "4"]
[White "Jonker, Keola"]
[Black "Brugman, Ilse"]
[Result "1/2-1/2"]
[WhiteElo "1099"]
[BlackElo "1118"]
[PlyCount "116"]
[EventDate "2015.04.04"]
[EventType "swiss"]
[EventRounds "9"]
[EventCountry "RSA"]
[SourceTitle "CBM 166 Extra"]
[Source "ChessBase"]
[SourceDate "2015.06.18"]
[SourceVersion "1"]
[SourceVersionDate "2015.06.18"]
[SourceQuality "1"]

1. d4 d5 2. Bf4 e6 3. e3 Nf6 4. Nf3 Nc6 5. Bd3 Bd6 6. Bg5 0-0 7. 0-0 h6 8. Bxf6 Qxf6 9. Nbd2 e5 10. e4 Be6 11. c3 exd4 12. cxd4 Nxd4 13. Re1 Nxf3+ 14. Qxf3 Qxf3 15. Nxf3 c6 16. Nd4 Rae8 17. Rad1 Bc5 18. Bc2 Re7 19. Bb3 Rfe8 20. exd5 Bxd5 21. Rxe7 Rxe7 22. Bxd5 cxd5 23. Nb5 Rd7 24. a3 a6 25. b4 Bxb4 26. axb4 axb5 27. f3 Kf8 28. Kf2 Ke7 29. Ke3 Ke6 30. Kd4 Rc7 31. Re1+ Kd6 32. Rb1 Rc4+ 33. Kd3 Ke5 34. Re1+ Kf6 35. Rb1 g5 36. Rb3 Ke5 37. Kd2 d4 38. Rb1 f5 39. Re1+ Kd5 40. Re7 Rxb4 41. Rxb7 Ke5 42. Rb6 f4 43. Rxh6 Ra4 44. Rh5 Kf5 45. h4 b4 46. Rxg5+ Kf6 47. Rb5 Ke6 48. h5 Kd6 49. h6 Ra2+ 50. Kd3 Rxg2 51. Kxd4 Rh2 52. Rb6+ Kc7 53. Rf6 Rh4 54. Kc4 b3 55. Kxb3 Kd7 56. Kc4 Ke7 57. Rf5 Ke6 58. Rf8 Ke7 1/2-1/2